Rozbor faktorov ovplyvňujúcich hospodárnosť a rentabilitu závodu záverečná práca postgraduálneho štúdia

Guardado en:
Detalles Bibliográficos
Autor principal: Kmiť, František
Autor Corporativo: Vysoká škola ekonomická v Bratislave
Otros Autores: Chodasová, Alena
Formato: Libro
Lenguaje:eslovaco
Publicado: Bratislava 1990
Etiquetas: Agregar Etiqueta
Sin Etiquetas, Sea el primero en etiquetar este registro!

MARC

LEADER 00000nam a2200000 4500
001 c027898
005 20260108101152.9
041 0 |a slo 
044 |a SK 
245 1 0 |a Rozbor faktorov ovplyvňujúcich hospodárnosť a rentabilitu závodu  |b záverečná práca postgraduálneho štúdia  |c František Kmiť ; Ved. práce Alena Chodasová 
264 1 |a Bratislava  |c 1990 
300 |a 46 s. 
100 1 |a Kmiť, František 
700 1 |a Chodasová, Alena 
710 2 |a Vysoká škola ekonomická v Bratislave